000
00212 a2200097 4500
001
47308
100
_a
Booth M
245
_a
Prisoner of peace
260
_a
London
_b
Britons publishing
_c
090
_c
30346
_d
30346
942
_a
NUST-CAE
_c
M
_c
22610
999
_c
282381
_d
282381